ARIA list of No 1 hits in the '90's in Aus - Statistics

General Stats
  • This quiz has been taken 14 times
  • The average score is 29 of 131
Answer Stats
Hint Answer % Correct
21 July to 24 August 1990 MC Hammer U Can't Touch This 5 weeks
100%
12 January to 1 February 1991 Vanilla Ice Ice Ice Baby 3 weeks
88%
5 May to 8 June 1990 Madonna Vogue/Keep it Together 5 weeks
88%
26 July to 11 October 1991 Bryan Adams (Everything I Do) I Do It for You 11 weeks
75%
24 December 1989 to 16 February 1990 The B-52's Love Shack 8 weeks
75%
24 February to 20 April 1990 Sinead O'Connor Nothing Compares to U 8 weeks
75%
17 December 1994 to 10 February 1995 The Cranberries Zombie 8 weeks
75%
7 July to 20 July 1990 Roxette It Must Have Been Love 2 weeks
63%
10 February to 16 February 1996 Oasis Wonderwall 1 week
63%
16 November to 6 December 1997 Aqua Barbie Girl 3 weeks
50%
30 November 1991 to 24 January 1992 Michael Jackson Black or White 8 weeks
50%
27 October to 2 November Young MC Bust a Move 1 week
50%
17 November to 23 November 1990 Deee-Lite Groove is in the Heart 1 week
50%
9 November to 29 November 1991 Right Said Fred I'm Too Sexy 3 weeks
50%
27 June to 17 July 1992 Kris Kross Jump 3 weeks
50%
31 August to 1 November 1996 Los del Rio Macarena 9 weeks
50%
1 June to 2 August 1997 Hanson MMMBop 9 weeks
50%
15 February to 14 March 1998 Celine Dion My Heart Will Go On 4 weeks
50%
24 November 1990 to 11 January 1991 The Righteous Brothers Unchained Melody 7 weeks
50%
3 October to 20 November 1992 Billy Ray Cyrus Achy Breaky Heart 7 weeks
38%
10 December to 16 December 1994 Sheryl Crowe All I Wanna Do 1 week
38%
28 February to 1 May 1999 Britney Spears ...Baby One More Time 9 weeks
38%
24 January to 27 February 1999 Cher Believe 5 weeks
38%
14 November 1999 to 15 January 2000 Eiffel 65 Blue (Da Ba Dee) 9 weeks
38%
9 February to 5 April 1997 No Doubt Don't Speak 8 weeks
38%
21 November to 18 December 1992 Boyz II Men End of the Road 4 weeks
38%
21 October 1995 to 19 January 1996 Coolio featuring L.V. Gangsta's Paradise 13 weeks
38%
3 August to 6 September 1997 Puff Daddy and Faith Evans featuring 112 I'll Be Missing You 5 weeks
38%
2 August to 5 September 1998 Goo Goo Dolls Iris 5 weeks
38%
2 February to 15 February 1991 The Divinyls I Touch Myself 2 weeks
38%
19 December 1992 to 26 February 1993 Whitney Houston I Will Always Love You 10 weeks
38%
13 April to 3 May 1991 Roxette Joyride 3 weeks
38%
22 June to 9 August 1996 Fugees Killing Me Softly 7 weeks
38%
21 April to 4 May 1990 Paula Abdul Opposites Attract 2 weeks
38%
27 November 1993 to 14 January 1994 Bryan Adams Please Forgive Me 7 weeks
38%
30 April to 27 May 1994 Ace of Base The Sign 4 weeks
38%
18 April to 15 May 1992 Red Hot Chili Peppers Under the Bridge 4 weeks
38%
2 November 1996 to 18 January 1997 Spice Girls Wannabe 11 weeks
38%
6 November to 26 November 1993 Ace of Base All That She Wants 3 weeks
25%
15 September to 26 October 1990 Bon Jovi Blaze of Glory 3 weeks
25%
16 March to 22 March 1991 The Simpsons Do the Bartman 1 week
25%
25 August to 14 September 1990 Faith No More Epic 3 weeks
25%
7 October to 13 October 1995 Mariah Carey Fantasy 1 week
25%
13 April to 17 May 1996 OMC How Bizarre 5 weeks
25%
4 September to 29 October 1993 Meatloaf I'd Do Anything for Love (But I Won't Do That) 8 weeks
25%
13 September to 14 November 1998 Aerosmith I Don't Want to Miss a Thing 9 weeks
25%
5 June to 9 July 1993 Snow Informer 5 weeks
25%
13 August to 16 September 1994 All-4-One I Swear 5 weeks
25%
20 June to 10 July 1999 Sixpence None the Richer Kiss Me 3 weeks
25%
25 January to 21 February 1992 Salt-n-Pepa Let's Talk About Sex 4 weeks
25%
2 July to 12 August 1994 Wet Wet Wet Love Is All Around 6 weeks
25%
19 September to 13 November 1999 Lou Bega Mambo No. 5 (A Little Bit of...) 8 weeks
25%
11 June to 1 July 1994 Crash Test Dummies Mmm Mmm Mmm Mmm 3 weeks
25%
2 May to 19 June 1999 TLC No Scrubs 7 weeks
25%
13 December to 23 January 1999 The Offspring Pretty Fly (for a White Guy) 6 weeks
25%
19 October to 1 November 1991 Big Audio Dynamite Rush 2 weeks
25%
7 March to 3 April 1992 Julian Lennon Saltwater 4 weeks
25%
18 July to 24 July 1992 Vanessa Williams Save the Best for Last 1 week
25%
5 October to 15 November 1997 Elton John Something About the Way You Look Tonight/Candle in the Wind 1997 6 weeks
25%
29 October to 9 December 1994 Silverchair Tomorrow 6 weeks
25%
6 April to 31 May 1997 Savage Garden Truly Madly Deeply 8 weeks
25%
7 December to 27 December 1997 Chumbawamba Tubthumping 3 weeks
25%
10 May to 6 June 1998 Shania Twain You're Still the One 4 weeks
25%
9 June to 6 July 1990 Heart All I Wanna Do Is Make Love to You 4 weeks
13%
14 June to 20 June 1998 K-Ci and JoJo All My Life 1 week
13%
11 February to 24 March 1995 Real McCoy Another Night 6 weeks
13%
3 February to 9 February 1996 Shaggy Boombastic 1 week
13%
17 February to15 March 1996 Shaggy Boombastic 4 weeks
13%
15 January to 21 January 1994 DJ Jazzy Jeff & The Fresh Prince Boom! Shake the Room 1 week
13%
17 September to 14 October 1994 Kylie Minogue Confide in Me 4 weeks
13%
28 December 1997 to 14 February 1998 Aqua Doctor Jones 7 weeks
13%
1 June to 7 June 1991 Ratcat Don't Go Now 1 week
13%
15 May to 28 May 1993 Faith No More Easy 2 weeks
13%
1 July to 7 July 1995 Bryan Adams Have You Ever Really Loved a Woman? 1 week
13%
6 September to 12 September 1998 Lighthouse Family High 1 week
13%
8 July to 18 August 1995 U2 Hold Me, Thrill Me, Kiss Me, Kill Me 6 weeks
13%
11 July to 31 July 1999 Jennifer Lopez If You Had My Love 3 weeks
13%
16 February to 15 March 1991 Londonbeat I've Been Thinking About You 4 weeks
13%
17 February to 23 February 1990 Aerosmith Janie's Got a Gun 1 week
13%
3 November to 16 November 1990 Skyhooks Jukebox in Siberia 2 weeks
13%
26 August to 6 October 1995 Seal Kiss from a Rose 6 weeks
13%
1 August 1999 to 18 September 1999 Pearl Jam Last Kiss 7 weeks
13%
12 October to 18 October 1991 Martika Love...Thy Will Be Done 1 week
13%
16 March to 12 April 1996 Joan Osborne One of Us 4 weeks
13%
18 May to 31 May 1991 Daryl Braithwaite The Horses 2 weeks
13%
28 May to 10 June 1994 Prince The Most Beautiful Girl in the World 2 weeks
13%
4 May to 17 May 1991 Ratcat (EP) Tingles 2 weeks
13%
16 May to 5 June 1992 Mr Big To Be with You 3 weeks
13%
7 June to 13 June 1998 Steps 5, 6, 7, 8 1 week
0%
22 January to 4 February 1994 Bryan Adams, Rod Stewart & Sting All for Love 2 weeks
0%
15 August to 25 September 1992 Jose Carreras & Sarah Brightman Amigos Para Siempre 6 weeks
0%
3 April to 14 May 1993 Lenny Kravitz Are You Gonna Go My Way 6 weeks
0%
6 May to 19 May 1995 Take That Back for Good 2 weeks
0%
10 August to 30 August Celine Dion Because You Loved Me 3 weeks
0%
27 March to 2 April 1993 Ugly Kid Joe Cats in the Cradle 1 week
0%
29 November to 12 December 1998 Jennifer Paige Crushed 2 weeks
0%
6 April to 12 April 1991 Julee Cruise Falling 1 week
0%
18 May to 31 May 1996 George Michael Fastlove 2 weeks
0%
8 June to 21 June 1996 George Michael Fastlove 2 weeks
0%
26 January to 8 February 1997 Silverchair Freak 2 weeks
0%
5 February to 4 March 1994 Cut 'N' Move Give It Up 4 weeks
0%
25 July to 14 August 1992 Richard Marx Hazard 3 weeks
0%
25 March to 5 May 1995 Hocus Pocus Here's Johnny! 6 weeks
0%
26 September to 2 October 1992 Bobby Brown Humpin' Around 1 week
0%
10 July to 27 August 1993 UB40 (I Can't Help) Falling in Love with You 7 weeks
0%
15 October to 28 October 1994 Boyz II Men I'll Make Love to You 2 weeks
0%
19 August to 25 August 1995 Jann Arden Insensitive 1 week
0%
5 March to 22 April 1994 East 17 It's Alright 7 weeks
0%
15 March to 21 March 1998 Run-DMC vs Jason Nevins It's Like That 1 week
0%
20 January to 2 February 1996 George Michael Jesus to a child 2 weeks
0%
22 February to 6 March 1992 Euphoria Love You Right 2 weeks
0%
4 April to 17 April 1992 The Twelfth Man featuring MCG Hammer Marvellous! 2 weeks
0%
7 September to 4 October 1997 Will Smith Men in Black 4 weeks
0%
20 May 1995 to 30 June 1995 Merril Bainbridge Mouth 6 weeks
0%
30 October to 5 November 1993 Culture Beat Mr Vain 1 week
0%
22 March to 9 May 1998 All Saints Never Ever 7 weeks
0%
6 June to 12 June 1992 Euphoria One in a Million 1 week
0%
13 July to 25 July 1991 Melissa Tkautz Read My Lips 2 weeks
0%
15 November to 28 November 1998 B*Witched Rollercoaster 2 weeks
0%
14 October to 20 October 1995 N-Trance Stayin' Alive 1 week
0%
23 March to 5 April 1991 Dimples D Sucker DJ (A Witch for Love) 2 weeks
0%
13 June to 26 June 1992 Girlfriend Take it from Me 2 weeks
0%
29 May to 4 June 1993 Janet Jackson That's the Way Love Goes 1 week
0%
21 June to 1 August 1998 Ricky Martin The Cup of Life/Maria 6 weeks
0%
2 November to 8 November 1991 U2 The Fly 1 week
0%
8 June to 12 July 1991 Olivia Newton-John & John Travolta The Grease Megamix 5 weeks
0%
23 April to 29 April 1994 Celine Dion The Power of Love 1 week
0%
28 August to 3 September 1993 Billy Joel The River of Dreams 1 week
0%
19 January to 25 January 1997 Savage Garden To the Moon and Back 1 week
0%
1 June to 7 June 1996 Metallica Until It Sleeps 1 week
0%
27 February to 26 March 1993 Sonia Dada You Don't Treat Me No Good 4 weeks
0%
No matching quizzes found
Score Distribution
Percent of People with Each Score
Percentile by Number Answered
Your Score History
You have not taken this quiz